000 00664nam a2200205Ii 4500
003 JO-AjNU
008 230605s9999||||xx |||||||||||||| ||und||
040 _aJO-AjNU
_bara
_erda
_cJO-AjNU
041 _aara
050 1 4 _aLB1051.A27 1977
100 3 _aتأليف أبو حطب،فؤاد ، م.مشارك آمال صادق,
_eauthor
_952643
245 0 0 _aعلم النفس التربوي
250 _aط1
264 3 1 _aالقاهرة: مكتبة الأنجلو المصرية، 1977
300 _a434ص
336 _atext
_btxt
_2rdacontent
337 _aunmediated
_bn
_2rdamedia
338 _avolume
_bnc
_2rdacarrier
650 4 _aعلم النفس
_952644
999 _aA23332
_c26900
_d26900